LEADER 01054cam0-22003491i-450- 001 990007042300403321 005 20070705115322.0 010 $a88-420-6293-6 035 $a000704230 035 $aFED01000704230 035 $a(Aleph)000704230FED01 035 $a000704230 100 $a20020206d2001----km-y0itay50------ba 101 0 $aita 102 $aIT 105 $ay-------001yy 200 1 $aPer una nuova cultura industriale$fa cura di Giancarlo Provasi e Terenzio Maccabelli$gsaggi di Giuliano Amato ...[et al.] 210 $aRoma$cGLF editori Laterza$d2001 215 $aXI, 215 p.$d18 cm 225 1 $aSaggi tascabili Laterza$v249 610 0 $aEconomia mondiale 676 $a337.09045$v21$zita 702 1$aAmato,$bGiuliano$f<1938- > 702 1$aMaccabelli,$bTerenzio 702 1$aProvasi,$bGiancarlo 801 0$aIT$bUNINA$gRICA$2UNIMARC 901 $aBK 912 $a990007042300403321 952 $aCollez. 94 (249)$b37058$fFSPBC 959 $aFSPBC 996 $aPer una nuova cultura industriale$9508025 997 $aUNINA LEADER 01780nam 2200517 a 450 001 9910700758103321 005 20110727152417.0 035 $a(CKB)5470000002411425 035 $a(OCoLC)743112608 035 $a(EXLCZ)995470000002411425 100 $a20110727d2010 ua 0 101 0 $aeng 135 $aurcn||||||||| 181 $ctxt$2rdacontent 182 $cc$2rdamedia 183 $acr$2rdacarrier 200 04$aThe fourth SeaWiFS HPLC analysis round-robin experiment (SeaHARRE-4)$b[electronic resource] /$fStanford B. Hooker ... [and others] 210 1$aGreenbelt, Md :$cNational Aeronautics and Space Administration, Goddard Space Flight Center,$d[2010] 215 $a1 online resource (v, 74 pages) $ccolor illustrations, map 225 1 $aNASA/TM ;$v2010-215857 300 $aTitle from title screen (viewed on July 27, 2011). 300 $a"December 2010." 320 $aIncludes bibliographical references (pages 72-74). 517 $aFourth SeaWiFS HPLC analysis round-robin experiment 606 $aChlorophylls$2nasat 606 $aCoastal water$2nasat 606 $aCoasts$2nasat 606 $aPigments$2nasat 606 $aRemote sensing$2nasat 606 $aWater cooler$2nasat 606 $aOcean surface$2nasat 615 7$aChlorophylls. 615 7$aCoastal water. 615 7$aCoasts. 615 7$aPigments. 615 7$aRemote sensing. 615 7$aWater cooler. 615 7$aOcean surface. 701 $aHooker$b Stanford B$g(Stanford Baird),$f1956-$01388616 712 02$aGoddard Space Flight Center. 801 0$bGPO 801 1$bGPO 906 $aBOOK 912 $a9910700758103321 996 $aThe fourth SeaWiFS HPLC analysis round-robin experiment (SeaHARRE-4)$93506074 997 $aUNINA LEADER 04252nam 22006135 450 001 9910484641603321 005 20250610110248.0 010 $a9783030610975 010 $a3030610977 024 7 $a10.1007/978-3-030-61097-5 035 $a(CKB)4100000011585971 035 $a(MiAaPQ)EBC6403568 035 $a(DE-He213)978-3-030-61097-5 035 $a(PPN)259461954 035 $a(Perlego)3480667 035 $a(MiAaPQ)EBC29095752 035 $a(EXLCZ)994100000011585971 100 $a20201119d2021 u| 0 101 0 $aeng 135 $aurnn#008mamaa 181 $ctxt$2rdacontent 182 $cc$2rdamedia 183 $acr$2rdacarrier 200 10$aChina & the USA $eGlobalisation and the Decline of America's Supremacy /$fby Vassilis K. Fouskas, Shampa Roy-Mukherjee, Qingan Huang, Ejike Udeogu 205 $a1st ed. 2021. 210 1$aCham :$cSpringer International Publishing :$cImprint: Palgrave Macmillan,$d2021. 215 $a1 online resource (xv, 94 pages) $cillustrations 225 1 $aPalgrave pivot 320 $aIncludes bibliographical references and index. 327 $aChapter 1. Introduction -- Chapter 2. The vulnerability of the American empire-state -- Chapter 3. The ordoliberal EU -- Chapter 4. The "power of constraints" and the convergence of the governorates of the Left and the Right in Europe -- Chapter 5. A first set of conclusions -- Chapter 6. How China rose to prominence -- Chapter 7. Data and analysis of Chinese ascendancy -- Chapter 8. China's aggregate demand management since 2008 -- Chapter 9. Neo-liberalism, China and Covid-19 -- Chapter 10. Conclusion. 330 $aThis book examines the political economy of conflict between China, a rising power, and the USA, a declining one. It provides an informed analysis as to why China is the main beneficiary of neo-liberal globalisation, a project launched in the wake of the collapse of the Bretton Woods system in the late 1960s under the aegis of the USA. Why are Huawei and other Chinese high-tech giants targeted by the USA and its allies? What is the role of the state and the Chinese political system in the development of China's political economy, as well as its globalisation? Does China's global rise provide a viable and sustainable alternative to neo-liberal globalisation? Since American leaders view increasingly the rise of China as a threat, how likely is an armed conflict between China and the USA? This book answers these questions by using a wealth of empirical material and debating with many theoretical schools of thought, Marxist or otherwise. Vassilis K. Fouskas is Professor of international relations and Director of the Centre for the Study of States, Markets & People (STAMP) at the School of Business & Law, University of East London (UEL). He is the Founding Editor of the Journal of Balkan and Near Eastern Studies (Routledge/Taylor & Francis). Shampa Roy-Mukherjee is Senior Lecturer in Economics, Director of Impact & Innovation at the School of Business & Law, UEL, and a member of the Executive Board of STAMP. Qingan Huang is Senior Lecturer in Strategic Management at the School of Business & Law at UEL and Professor & Dean of International Business School, Guangdong University of Finance & Economics, China and a member of STAMP. Ejike Udeogu is Senior Lecturer in Economics and Acting Director of the MBA at the School of Business & Law, UEL, and a member of the Executive Board of STAMP. 410 0$aPalgrave pivot. 606 $aInternational economic relations 606 $aInternational relations 606 $aGlobalization 606 $aInternational Political Economy' 606 $aInternational Relations Theory 606 $aGlobalization 615 0$aInternational economic relations. 615 0$aInternational relations. 615 0$aGlobalization. 615 14$aInternational Political Economy'. 615 24$aInternational Relations Theory. 615 24$aGlobalization. 676 $a327.51073 676 $a327.51073 700 $aFouskas$b Vassilis K.$f1963-$0563758 801 0$bMiAaPQ 801 1$bMiAaPQ 801 2$bMiAaPQ 906 $aBOOK 912 $a9910484641603321 996 $aChina & the USA$92851380 997 $aUNINA